00656 2200217 4500001002100000005001500021035002000036007000300056008004100059020001500100082000800115084001400123100001900137245014300156250001100299260005000310300002100360650003600381990001000417990001100427INLIS00000000001099420220315085009 a0010-0322000173ta220315 g 0 ind  a9797195104 a622 a622 SUK m3 aSUKANDARRUMIDI1 aMemahami Pengelolaan Bahan Tambang Di Indonesia :bReferensi undang-undang minerba nomor 4 tahun 2009 /cProf. Ir. Sukandarrumidi, MSc.PhD aCet. 1 aYogyakarta :bYayasan Pustaka Nusatama,c2010 a323 hlm ;c17 cm 4aTambang dan sumber pertambangan a13222 a13.222